Machine Component Design : (Record no. 17058)
[ view plain ]
| 000 -LEADER | |
|---|---|
| fixed length control field | 00833nam a22002655a 4500 |
| 001 - CONTROL NUMBER | |
| control field | 015951855 |
| 003 - CONTROL NUMBER IDENTIFIER | |
| control field | Uk |
| 005 - DATE AND TIME OF LATEST TRANSACTION | |
| control field | 20150823131906.0 |
| 008 - FIXED-LENGTH DATA ELEMENTS--GENERAL INFORMATION | |
| fixed length control field | 111017s2012 njua fr 001 0 eng|d |
| 020 ## - INTERNATIONAL STANDARD BOOK NUMBER | |
| International Standard Book Number | 9781118092262 |
| 040 ## - CATALOGING SOURCE | |
| Original cataloging agency | EG-ScBuE |
| Language of cataloging | eng |
| Transcribing agency | EG-ScBuE |
| 082 04 - DEWEY DECIMAL CLASSIFICATION NUMBER | |
| Classification number | 621.815 |
| Item number | JUV |
| Edition number | 22 |
| 100 1# - MAIN ENTRY--PERSONAL NAME | |
| Personal name | Juvinall, Robert C. |
| 9 (RLIN) | 29981 |
| 245 10 - TITLE STATEMENT | |
| Title | Machine Component Design : |
| Remainder of title | International Student Version / |
| Statement of responsibility, etc | Robert C. Juvinall , Kurt M. Marshek. |
| 250 ## - EDITION STATEMENT | |
| Edition statement | 5th ed., International student ed. |
| 260 ## - PUBLICATION, DISTRIBUTION, ETC. (IMPRINT) | |
| Place of publication, distribution, etc | Hoboken : |
| Name of publisher, distributor, etc | John Wiley & Sons Singapore ; |
| Date of publication, distribution, etc | c.2012. |
| 300 ## - PHYSICAL DESCRIPTION | |
| Extent | xix, 899 p. ; |
| Other physical details | ill. , |
| Dimensions | 28 cm. |
| 500 ## - GENERAL NOTE | |
| General note | Index : p. 890-899. |
| 590 ## - LOCAL NOTE (RLIN) | |
| Local note | yassmeen ashraf |
| 650 #0 - SUBJECT ADDED ENTRY--TOPICAL TERM | |
| Topical term or geographic name as entry element | Machine design. |
| 9 (RLIN) | 29982 |
| Source of heading or term | BUEsh |
| 651 ## - SUBJECT ADDED ENTRY--GEOGRAPHIC NAME | |
| Source of heading or term | BUEsh |
| 653 ## - INDEX TERM--UNCONTROLLED | |
| Resource For college | Engineering, General |
| Arrived date list | August2015 |
| 700 1# - ADDED ENTRY--PERSONAL NAME | |
| Personal name | Marshek, Kurt M. |
| 9 (RLIN) | 29983 |
| 942 ## - ADDED ENTRY ELEMENTS (KOHA) | |
| Source of classification or shelving scheme | Dewey Decimal Classification |
| Item type | Book - Borrowing |
| Withdrawn status | Item status | Source of classification or shelving scheme | Damaged status | Not for loan | Vendor | Home library | Current library | Shelving location | Date acquired | Source of acquisition | Cost, normal purchase price | Total Checkouts | Full call number | Barcode | Date last seen | Koha item type | Total Renewals | Date last borrowed | Serial Enumeration / chronology |
|---|---|---|---|---|---|---|---|---|---|---|---|---|---|---|---|---|---|---|---|
| Dewey Decimal Classification | Baccah | Central Library | Central Library | First floor | 10/05/2012 | 280.00 | 621.815 JUV | 000026781 | 15/07/2025 | NB - Book (Non borrowing) | |||||||||
| Dewey Decimal Classification | Baccah | Central Library | Central Library | First floor | 10/05/2012 | 280.00 | 2 | 621.815 JUV | 000026782 | 15/07/2025 | Book - Borrowing | 17 | 24/09/2013 | ||||||
| Dewey Decimal Classification | Baccah | Central Library | Central Library | First floor | 10/05/2012 | 280.00 | 621.815 JUV | 000026783 | 15/07/2025 | Book - Borrowing | |||||||||
| Dewey Decimal Classification | Baccah | Central Library | Central Library | First floor | 10/05/2012 | 280.00 | 3 | 621.815 JUV | 000026784 | 15/07/2025 | Book - Borrowing | 6 | 28/02/2019 | ||||||
| Dewey Decimal Classification | Baccah | Central Library | Central Library | First floor | 03/10/2012 | 280.00 | 621.815 JUV | 000027554 | 15/07/2025 | Book - Borrowing | 3 | ||||||||
| Dewey Decimal Classification | Baccah | Central Library | Central Library | First floor | 03/10/2012 | 280.00 | 4 | 621.815 JUV | 000027593 | 15/07/2025 | Book - Borrowing | 24 | 03/10/2016 | 3 | |||||
| Dewey Decimal Classification | Baccah | Central Library | Central Library | First floor | 03/10/2012 | 280.00 | 2 | 621.815 JUV | 000027594 | 15/07/2025 | Book - Borrowing | 12 | 25/09/2013 | 3 | |||||
| Dewey Decimal Classification | Baccah | Central Library | Central Library | First floor | 03/10/2012 | 280.00 | 8 | 621.815 JUV | 000027595 | 15/07/2025 | Book - Borrowing | 58 | 14/05/2019 | 3 | |||||
| Dewey Decimal Classification | Baccah | Central Library | Central Library | First floor | 03/10/2012 | 280.00 | 2 | 621.815 JUV | 000027596 | 15/07/2025 | Book - Borrowing | 44 | 11/03/2019 | 3 |